000 01185cam a22003011a 4500
001 8921739
005 20080429190832.0
008 721201s1964 oku b s001 0 eng
010 _a 64020766
035 _a(OCoLC)505201
040 _aDLC
_cODaWU
_dOCoLC
_dMoSU-L
_dDLC
042 _apremarc
043 _an-us---
050 0 0 _aJX1977.2.U5
_bG7
082 _a341.13973
_bUNI
245 0 4 _aThe United States and The United Nations
_cedited by Franz B. Gross ; [by] Waldo Chamberlin ... [et al.] ; with public addresses by George H. Ball ... [et al.].
260 _aNorman :
_bUniversity of Oklahoma Press,
_cc1964.
300 _ax, 356 p. ;
_c23 cm.
500 _aDonations
504 _aIncludes bibliographical references and index.
610 2 0 _aUnited Nations
_zUnited States.
_99700
610 2 0 _aUnited Nations.
_99701
650 0 _aWorld politics
_y1945-1989.
_99702
700 1 _aGross, Franz B.
_99703
700 1 _aChamberlin, Waldo,
_d1905-
_99704
942 _2ddc
_cBB
999 _c12996
_d12996